Enfermedad de chagas-mazza en las grandes ciudades /
Guardado en:
| Autor Principal: | |
|---|---|
| Otros Autores: | , , |
| Formato: | Libro |
| Publicado: |
España :
Intramed,
2002
|
| Materias: | |
| Etiquetas: |
Agregar Etiqueta
Sin Etiquetas, Sea el primero en etiquetar este registro!
|
| LEADER | 00672nam a22002295a 4500 | ||
|---|---|---|---|
| 001 | CEM.cems013946 | ||
| 008 | 130507s2002##################000#0#####d | ||
| 005 | 20210705091850.0 | ||
| 003 | CEMS | ||
| 245 | 1 | 0 | |a Enfermedad de chagas-mazza en las grandes ciudades / |c Jorge E. Mitelman y Otros |
| 260 | |a España : |b Intramed, |c 2002 | ||
| 300 | |a 203 p. | ||
| 590 | |a 1072.013 | ||
| 100 | 1 | |a Mitelman, Jorge E. | |
| 700 | 1 | |a Giménez, Luisa J. | |
| 700 | 1 | |a Corvalán Olivera, Daniel | |
| 700 | 1 | |a Lifschitz, Alberto | |
| 653 | |a Enfermedades | ||
| 653 | |a Enfermedad de chagas | ||
| 653 | |a Sanidad | ||
| 653 | |a Biblioteca TC | ||
| 859 | |a CEMS |b BIB. CEMS - 11 de abril |h TC |p 1072.013 |t Ej.1 | ||
